00749nam a22002057a 4500999001900000005001700019010001300036020002600049035001300075037000900088082000800097100001900105245007900124260004400203270005000247300002600297500005200323942002200375952014600397 c179155d17915520210527111355.0 aB-739937 a9781107667686c350.00 aB-739937 bGift a882 aCrystal, David a'Think on my words':bexploring Shakespeare's language /cby David Crystal aDelhibCambridge University Pressc2013 a4381/4, Ansari Road, DaryaganjbDelhie110002 axii, 254p.c21cm(pbk) aincludes bibliographical references and indexes 2ddccENmCRYh882 001040708NFICaAVbAVd2021-05-27eGift/Eng/03-05-2021g350.00l0o882 CRYpB-739937r2021-05-27 00:00:00t1v350.00w2021-05-27yENzGift